अनुवाद और मीडिया (Record no. 370385)

MARC details
000 -LEADER
fixed length control field 00895nam a2200241Ia 4500
003 - CONTROL NUMBER IDENTIFIER
control field OSt
005 - DATE AND TIME OF LATEST TRANSACTION
control field 20220923224302.0
008 - FIXED-LENGTH DATA ELEMENTS--GENERAL INFORMATION
fixed length control field 220922b |||||||| |||| 00| 0 hin d
037 ## - SOURCE OF ACQUISITION
Terms of availability Textual
040 ## - CATALOGING SOURCE
Original cataloging agency ARTS
Transcribing agency ARTS
Language of cataloging hin
041 ## - LANGUAGE CODE
Source of code hin
Language code of text/sound track or separate title hin
100 ## - MAIN ENTRY--PERSONAL NAME
Personal name रत्तू, कृष्ण कुमार
245 #0 - TITLE STATEMENT
Title अनुवाद और मीडिया
Remainder of title नई सदी में सिद्धांत स्वरूप
246 ## - VARYING FORM OF TITLE
Title proper/short title Anuvād aur mīḍiyā: naī sadī mean siddhāanta svarūpa
260 ## - PUBLICATION, DISTRIBUTION, ETC.
Place of publication, distribution, etc. जयपुर
Name of publisher, distributor, etc. नेशनल पब्लिशिंग हाऊस
Date of publication, distribution, etc. 2002
300 ## - PHYSICAL DESCRIPTION
Extent 153पृ.
Dimensions cm.
942 ## - ADDED ENTRY ELEMENTS (KOHA)
Classification part P152:7950a4, 152P2
Koha item type Textual
Source of classification or shelving scheme Colon Classification (CC)
Holdings
Withdrawn status Lost status Damaged status Not for loan Home library Current library Date acquired Total Checkouts Full call number Barcode Date last seen Price effective from Koha item type
        Arts Library Arts Library 2022-09-23   P152:7950a4 152P2 AL1345006 2022-09-23 2022-09-23 Textual
Copyright @ Delhi University Library System